15个随机的地级行政区-地图点选 Random Prefecture-level Regions Map Click - Statistics

General Stats
  • This quiz has been taken 95 times
  • The average score is 14 of 15
Answers on the Map
Answers color-coded by a green-red scale on the quiz's map according to % correct below.
 
Answer Stats
Answer % Correct
六盘水市
100%
石嘴山市
100%
乐山市
100%
淮北市
100%
咸阳市
100%
蚌埠市
100%
潮州市
100%
玉树藏族自治州
100%
安庆市
100%
龙岩市
100%
常德市
100%
拉萨市
100%
六安市
100%
广州市
100%
盘锦市
100%
常州市
100%
张掖市
100%
资阳市
100%
兰州市
100%
吐鲁番市
100%
抚顺市
100%
黄石市
100%
信阳市
100%
襄阳市
100%
绍兴市
100%
达州市
100%
娄底市
100%
舟山市
100%
临夏回族自治州
100%
凉山彝族自治州
100%
锦州市
100%
汉中市
100%
衡水市
100%
嘉兴市
100%
三沙市
100%
青岛市
100%
咸宁市
100%
揭阳市
100%
焦作市
100%
泰州市
100%
韶关市
100%
潍坊市
100%
儋州市
100%
汕尾市
100%
榆林市
100%
鹤壁市
100%
大兴安岭地区
100%
泸州市
100%
日喀则市
100%
昆明市
100%
河池市
100%
巴音郭楞蒙古自治州
100%
无锡市
100%
南阳市
100%
永州市
100%
驻马店市
100%
南通市
100%
延安市
100%
辽源市
100%
滁州市
100%
阿勒泰地区
100%
晋中市
100%
铁岭市
100%
南平市
100%
固原市
100%
黑河市
100%
长治市
100%
黄山市
100%
武威市
100%
日照市
100%
温州市
100%
成都市
100%
防城港市
100%
廊坊市
100%
新乡市
100%
吉林市
100%
营口市
100%
镇江市
100%
安阳市
100%
郴州市
100%
鸡西市
100%
北海市
100%
遵义市
100%
湛江市
100%
中卫市
100%
阿克苏地区
100%
阳江市
100%
克拉玛依市
100%
淄博市
100%
徐州市
100%
武汉市
100%
枣庄市
100%
大同市
100%
西安市
100%
大理白族自治州
100%
大庆市
100%
果洛藏族自治州
100%
铜陵市
100%
邵阳市
100%
漯河市
100%
保定市
100%
巴彦淖尔市
100%
唐山市
100%
黔西南布依族苗族自治州
100%
鄂尔多斯市
100%
益阳市
100%
云浮市
100%
上饶市
100%
三亚市
100%
玉林市
100%
江门市
100%
周口市
100%
博尔塔拉蒙古自治州
100%
萍乡市
100%
朔州市
100%
松原市
100%
巴中市
100%
来宾市
100%
延边朝鲜族自治州
100%
三明市
100%
金昌市
100%
朝阳市
100%
伊犁哈萨克自治州
100%
亳州市
100%
赤峰市
100%
长春市
100%
吉安市
100%
鄂州市
100%
黔东南苗族侗族自治州
100%
湘潭市
100%
黄冈市
100%
本溪市
100%
洛阳市
100%
东营市
100%
兴安盟
100%
肇庆市
100%
厦门市
100%
攀枝花市
100%
葫芦岛市
100%
威海市
100%
自贡市
100%
扬州市
100%
盐城市
100%
内江市
100%
海南藏族自治州
100%
乌海市
100%
南宁市
100%
郑州市
100%
大连市
100%
邯郸市
100%
铜仁市
100%
德州市
100%
商丘市
100%
阜阳市
100%
雅安市
100%
百色市
100%
毕节市
100%
许昌市
100%
宜宾市
100%
淮南市
100%
柳州市
100%
白城市
100%
景德镇市
100%
贺州市
100%
惠州市
100%
忻州市
100%
楚雄彝族自治州
100%
随州市
100%
安康市
100%
佳木斯市
100%
新余市
100%
天水市
100%
钦州市
100%
衢州市
100%
河源市
100%
临沂市
100%
宜昌市
100%
池州市
100%
张家界市
100%
衡阳市
100%
广元市
100%
克孜勒苏柯尔克孜自治州
100%
宿州市
100%
怀化市
100%
宝鸡市
100%
酒泉市
100%
珠海市
100%
和田地区
100%
那曲市
100%
沧州市
100%
株洲市
100%
湘西土家族苗族自治州
100%
宁波市
100%
芜湖市
100%
宣城市
100%
牡丹江市
100%
塔城地区
100%
甘孜藏族自治州
100%
红河哈尼族彝族自治州
100%
海北藏族自治州
100%
深圳市
100%
漳州市
100%
阿拉善盟
100%
济宁市
100%
莆田市
100%
鹤岗市
100%
聊城市
100%
赣州市
100%
海口市
100%
眉山市
100%
宿迁市
100%
定西市
100%
杭州市
100%
哈密市
100%
丽江市
100%
乌兰察布市
100%
苏州市
100%
贵阳市
100%
甘南藏族自治州
100%
广安市
100%
吴忠市
100%
连云港市
100%
承德市
100%
淮安市
100%
昌都市
100%
南京市
100%
德宏傣族景颇族自治州
100%
长沙市
100%
德阳市
100%
运城市
100%
宁德市
100%
山南市
100%
丹东市
100%
黔南布依族苗族自治州
100%
哈尔滨市
100%
陇南市
100%
呼和浩特市
100%
濮阳市
100%
安顺市
100%
茂名市
88%
梧州市
83%
玉溪市
80%
张家口市
80%
济南市
80%
桂林市
80%
昭通市
80%
西宁市
75%
开封市
75%
马鞍山市
75%
海西蒙古族藏族自治州
75%
普洱市
75%
临汾市
67%
鞍山市
67%
乌鲁木齐市
67%
东莞市
67%
阜新市
67%
曲靖市
67%
邢台市
67%
昌吉回族自治州
67%
商洛市
67%
绵阳市
67%
三门峡市
67%
太原市
67%
绥化市
67%
秦皇岛市
67%
嘉峪关市
67%
怒江傈僳族自治州
67%
梅州市
67%
临沧市
67%
十堰市
67%
庆阳市
67%
金华市
67%
黄南藏族自治州
67%
铜川市
67%
海东市
67%
烟台市
67%
沈阳市
67%
荆门市
67%
滨州市
67%
佛山市
60%
阿里地区
50%
晋城市
50%
清远市
50%
泉州市
50%
白山市
50%
丽水市
50%
阳泉市
50%
文山壮族苗族自治州
50%
辽阳市
50%
四平市
50%
南昌市
50%
白银市
50%
台州市
33%
双鸭山市
0%
保山市
0%
迪庆藏族自治州
0%
喀什地区
0%
宜春市
0%
崇左市
0%
通辽市
0%
包头市
0%
汕头市
0%
鹰潭市
0%
九江市
0%
伊春市
0%
通化市
0%
中山市
0%
平凉市
0%
西双版纳傣族自治州
0%
抚州市
0%
阿坝藏族羌族自治州
0%
银川市
0%
齐齐哈尔市
0%
泰安市
0%
恩施土家族苗族自治州
0%
平顶山市
0%
合肥市
0%
呼伦贝尔市
0%
孝感市
0%
吕梁市
0%
林芝市
0%
锡林郭勒盟
0%
岳阳市
0%
遂宁市
0%
湖州市
0%
南充市
0%
菏泽市
0%
贵港市
0%
渭南市
0%
福州市
0%
七台河市
0%
荆州市
0%
No matching quizzes found
Score Distribution
Percent of People with Each Score
Percentile by Number Answered
Your Score History
You have not taken this quiz